书目信息 |
| 题名: |
生命:显微镜下的神奇变化
|
|
| 作者: | 王光军 主编 | |
| 分册: | ||
| 出版信息: | 合肥 合肥工业大学出版社 2009.10 |
|
| 页数: | 168页 | |
| 开本: | 23cm | |
| 丛书名: | 你身边的十万个为什么 | |
| 单 册: | ||
| 中图分类: | Q1-0 | |
| 科图分类: | ||
| 主题词: | 生命科学--sheng ming ke xue--青少年读物 | |
| 电子资源: | ||
| ISBN: | 978-7-5650-0092-8 | |
| 000 | 00937nam 2200253 450 | |
| 001 | 012010938004 | |
| 005 | 20101118172958.56 | |
| 010 | @a978-7-5650-0092-8@dCNY19.80 | |
| 100 | @a20101118d2009 em y0chiy0120 ea | |
| 101 | 0 | @achi |
| 102 | @aCN@b340000 | |
| 105 | @aa z 000yy | |
| 106 | @ar | |
| 200 | 1 | @a生命:显微镜下的神奇变化@Asheng ming:xian wei jing xia de shen qi bian hua@f王光军主编@Fwang guang jun zhu bian |
| 210 | @a合肥@c合肥工业大学出版社@d2009.10 | |
| 215 | @a168页@c图@d23cm | |
| 225 | 2 | @a你身边的十万个为什么@Ani shen bian de shi wan ge wei shi mo |
| 330 | @a本书主要内容包括:什么是细胞学说,细胞的形态有哪些,细胞的结构是怎样的,什么是细胞膜,什么是染色体,什么是白细胞等。 | |
| 410 | 0 | @12001 @a你身边的十万个为什么 |
| 606 | 0 | @a生命科学@Asheng ming ke xue@j青少年读物 |
| 690 | @aQ1-0@v4 | |
| 701 | 0 | @a王光军@Awang guang jun@4主编 |
| 801 | 0 | @aCN@bQSSK@c20101118 |
| 905 | @b789014-16@dQ1-0@eW192@f3 | |
| 生命:显微镜下的神奇变化/王光军主编.-合肥:合肥工业大学出版社,2009.10 |
| 168页:图;23cm.-(你身边的十万个为什么) |
| ISBN 978-7-5650-0092-8:CNY19.80 |
| 本书主要内容包括:什么是细胞学说,细胞的形态有哪些,细胞的结构是怎样的,什么是细胞膜,什么是染色体,什么是白细胞等。 |
| ● |
| 相关链接 |
|
|
|
正题名:生命:显微镜下的神奇变化
索取号:Q1-0/W192
 
预约/预借
| 序号 | 登录号 | 条形码 | 馆藏地/架位号 | 状态 | 备注 |
| 1 | 789014 | 207890148 | 自科库401/401自科库 24排4列2层/ [索取号:Q1-0/W192] | 在馆 | |
| 2 | 789015 | 207890157 | 自科库401/401自科库 24排4列2层/ [索取号:Q1-0/W192] | 在馆 | |
| 3 | 789016 | 207890166 | 自科库401/401自科库 24排4列2层/ [索取号:Q1-0/W192] | 在馆 |